<?xml version="1.0" encoding="UTF-8"?>
<collection xmlns="http://www.loc.gov/MARC21/slim">
 <record>
  <leader>01791nam a22002658a 4500</leader>
  <controlfield tag="001">NCT_17421</controlfield>
  <controlfield tag="008">040611s2003                  ||||||viesd</controlfield>
  <datafield tag="999" ind1=" " ind2=" ">
   <subfield code="c">827</subfield>
   <subfield code="d">827</subfield>
  </datafield>
  <datafield tag="020" ind1=" " ind2=" ">
   <subfield code="c">49000</subfield>
  </datafield>
  <datafield tag="082" ind1=" " ind2=" ">
   <subfield code="2">23rd ed.</subfield>
   <subfield code="a">628.3</subfield>
   <subfield code="b">Ph120</subfield>
  </datafield>
  <datafield tag="100" ind1="1" ind2=" ">
   <subfield code="a">Lương Đức Phẩm</subfield>
  </datafield>
  <datafield tag="245" ind1="1" ind2="0">
   <subfield code="a">Công nghệ xử lí nước thải bằng biện pháp sinh học</subfield>
   <subfield code="c">Lương Đức Phẩm</subfield>
  </datafield>
  <datafield tag="250" ind1=" " ind2=" ">
   <subfield code="a">Tái bản lần thứ 4</subfield>
  </datafield>
  <datafield tag="260" ind1=" " ind2=" ">
   <subfield code="a">H.</subfield>
   <subfield code="b">Giáo dục</subfield>
   <subfield code="c">2012</subfield>
  </datafield>
  <datafield tag="300" ind1=" " ind2=" ">
   <subfield code="a">339tr.</subfield>
   <subfield code="b">hình vẽ</subfield>
   <subfield code="c">27cm</subfield>
  </datafield>
  <datafield tag="520" ind1="3" ind2=" ">
   <subfield code="a">Những khái niệm cơ bản và cơ sở sinh học trong công nghệ xử lí nước thải. Các loại hình công nghệ trong dây chuyền xử lí nước thải nói chung và công nghệ xử lí một số dạng nước thải</subfield>
  </datafield>
  <datafield tag="653" ind1=" " ind2=" ">
   <subfield code="a">Kỹ thuật môi trường</subfield>
  </datafield>
  <datafield tag="653" ind1=" " ind2=" ">
   <subfield code="a">Quản lý Tài nguyên &amp; Môi trường</subfield>
  </datafield>
  <datafield tag="942" ind1=" " ind2=" ">
   <subfield code="2">ddc</subfield>
   <subfield code="c">BK</subfield>
  </datafield>
  <datafield tag="952" ind1=" " ind2=" ">
   <subfield code="0">0</subfield>
   <subfield code="1">0</subfield>
   <subfield code="2">ddc</subfield>
   <subfield code="4">0</subfield>
   <subfield code="6">628_300000000000000_PH120</subfield>
   <subfield code="7">0</subfield>
   <subfield code="9">5284</subfield>
   <subfield code="a">000001</subfield>
   <subfield code="b">000001</subfield>
   <subfield code="d">2017-12-02</subfield>
   <subfield code="o">628.3 Ph120</subfield>
   <subfield code="p">MD.03327</subfield>
   <subfield code="r">2017-12-02</subfield>
   <subfield code="v">79000.00</subfield>
   <subfield code="w">2017-12-02</subfield>
   <subfield code="y">BK</subfield>
  </datafield>
  <datafield tag="952" ind1=" " ind2=" ">
   <subfield code="0">0</subfield>
   <subfield code="1">0</subfield>
   <subfield code="2">ddc</subfield>
   <subfield code="4">0</subfield>
   <subfield code="6">628_300000000000000_PH120</subfield>
   <subfield code="7">0</subfield>
   <subfield code="9">5285</subfield>
   <subfield code="a">000001</subfield>
   <subfield code="b">000001</subfield>
   <subfield code="d">2017-12-02</subfield>
   <subfield code="o">628.3 Ph120</subfield>
   <subfield code="p">MD.03328</subfield>
   <subfield code="r">2017-12-02</subfield>
   <subfield code="v">79000.00</subfield>
   <subfield code="w">2017-12-02</subfield>
   <subfield code="y">BK</subfield>
  </datafield>
  <datafield tag="952" ind1=" " ind2=" ">
   <subfield code="0">0</subfield>
   <subfield code="1">0</subfield>
   <subfield code="2">ddc</subfield>
   <subfield code="4">0</subfield>
   <subfield code="6">628_300000000000000_PH120</subfield>
   <subfield code="7">0</subfield>
   <subfield code="9">5286</subfield>
   <subfield code="a">000001</subfield>
   <subfield code="b">000001</subfield>
   <subfield code="d">2017-12-02</subfield>
   <subfield code="o">628.3 Ph120</subfield>
   <subfield code="p">MD.03329</subfield>
   <subfield code="r">2017-12-02</subfield>
   <subfield code="v">79000.00</subfield>
   <subfield code="w">2017-12-02</subfield>
   <subfield code="y">BK</subfield>
  </datafield>
  <datafield tag="952" ind1=" " ind2=" ">
   <subfield code="0">0</subfield>
   <subfield code="1">0</subfield>
   <subfield code="2">ddc</subfield>
   <subfield code="4">0</subfield>
   <subfield code="6">628_300000000000000_PH120</subfield>
   <subfield code="7">0</subfield>
   <subfield code="9">5287</subfield>
   <subfield code="a">000001</subfield>
   <subfield code="b">000001</subfield>
   <subfield code="d">2017-12-02</subfield>
   <subfield code="o">628.3 Ph120</subfield>
   <subfield code="p">MD.03330</subfield>
   <subfield code="r">2017-12-02</subfield>
   <subfield code="v">79000.00</subfield>
   <subfield code="w">2017-12-02</subfield>
   <subfield code="y">BK</subfield>
  </datafield>
  <datafield tag="952" ind1=" " ind2=" ">
   <subfield code="0">0</subfield>
   <subfield code="1">0</subfield>
   <subfield code="2">ddc</subfield>
   <subfield code="4">0</subfield>
   <subfield code="6">628_300000000000000_PH120</subfield>
   <subfield code="7">0</subfield>
   <subfield code="9">5288</subfield>
   <subfield code="a">000001</subfield>
   <subfield code="b">000001</subfield>
   <subfield code="d">2017-12-02</subfield>
   <subfield code="l">3</subfield>
   <subfield code="o">628.3 Ph120</subfield>
   <subfield code="p">MD.04360</subfield>
   <subfield code="r">2018-03-06</subfield>
   <subfield code="s">2018-02-08</subfield>
   <subfield code="v">74000.00</subfield>
   <subfield code="w">2017-12-02</subfield>
   <subfield code="y">BK</subfield>
  </datafield>
  <datafield tag="980" ind1=" " ind2=" ">
   <subfield code="a">Thư viện Trường Đại học Nam Cần Thơ</subfield>
  </datafield>
 </record>
</collection>
